00429nam a2200109 4500008004100000022001300041245008100054260011800135300001300253650002600266650002700292240219b |||||||| |||| 00| 0 eng d a07426763 aThe American journal of Islamic social sciences-Vol. 29, no. 2 (Spring 2012) aHerndon, (USA) :bThe Association of Muslim social scientists : International institute of Islamic thought,c2012 b1-161 p. aIslam -- Periodicals  aMuslims -- Periodicals